[Event "DSOL 01 Liga Gr-D 1st"]
[Site "Playchess.com INT"]
[Date "2020.07.16"]
[Round "4.4"]
[White "Leidner, Matthias"]
[Black "Deutsch, Christoph"]
[Result "1-0"]
[WhiteElo "1595"]
[BlackElo "1939"]
[PlyCount "65"]
[EventDate "2020.06.22"]
[EventType "team-tourn (rapid)"]
[EventCountry "GER"]
[SourceTitle "EXT 2021"]
[Source "ChessBase"]
[SourceDate "2020.10.23"]
[SourceVersion "1"]
[SourceVersionDate "2020.10.23"]
[SourceQuality "1"]
[WhiteTeam "Landau"]
[BlackTeam "Gruendau"]
[WhiteTeamCountry "GER"]
[BlackTeamCountry "GER"]

1. d4 d5 2. c4 c6 3. Nf3 Nf6 4. g3 e6 5. Bg2 Nbd7 6. 0-0 Bd6 7. Bg5 h6 8. Bxf6 Nxf6 9. Nbd2 0-0 10. Qc2 b6 11. e4 dxe4 12. Nxe4 Nxe4 13. Qxe4 Bb7 14. Ne5 Qc7 15. Nxc6 Rac8 16. d5 Rfe8 17. Rfe1 Qd7 18. Qg4 Bxc6 19. dxc6 Qe7 20. a3 a5 21. Rad1 Red8 22. Bd5 Bc5 23. Rxe6 fxe6 24. Bxe6+ Kh8 25. Bxc8 Rxd1+ 26. Qxd1 Qf8 27. Bh3 Qxf2+ 28. Kh1 Qf7 29. b4 axb4 30. axb4 Bxb4 31. Qd8+ Kh7 32. c7 Qxc4 33. Bf5+ 1-0

[Event "GER-chT School WK 3"]
[Site "Playchess.com INT"]
[Date "2020.06.15"]
[Round "2.2"]
[White "Koppe, Carson"]
[Black "Deutsch, Christoph"]
[Result "0-1"]
[WhiteElo "1878"]
[BlackElo "1886"]
[PlyCount "64"]
[EventDate "2020.06.15"]
[EventType "team-swiss (blitz)"]
[EventRounds "5"]
[EventCountry "GER"]
[SourceTitle "EXT 2021"]
[Source "ChessBase"]
[SourceDate "2020.10.23"]
[SourceVersion "1"]
[SourceVersionDate "2020.10.23"]
[SourceQuality "1"]
[WhiteTeam "Naila Hochfranken Gymn"]
[BlackTeam "Gelnhausen"]
[WhiteTeamCountry "GER"]
[BlackTeamCountry "GER"]

1. e4 e5 2. Nf3 Nc6 3. Bc4 Bc5 4. d3 Nf6 5. Nc3 0-0 6. Bg5 h6 7. Bh4 d6 8. h3 Be6 9. Nd5 g5 10. Nxf6+ Qxf6 11. Bxe6 fxe6 12. Bg3 Nd4 13. Nxd4 Bxd4 14. 0-0 Bxb2 15. Rb1 Bd4 16. Rxb7 Bb6 17. Qb1 Qd8 18. Qb5 a5 19. Qc6 Qc8 20. Rb1 Ra6 21. a4 Bxf2+ 22. Bxf2 Rxc6 23. c4 d5 24. cxd5 exd5 25. exd5 Rc2 26. Ba7 Ra2 27. Rb8 Qd7 28. Rxf8+ Kxf8 29. Bc5+ Kg7 30. Rb8 Qxd5 31. Bf8+ Kf7 32. Bxh6 Qxg2# 0-1

[Event "GER-ch U14"]
[Site "Willingen"]
[Date "2019.06.13"]
[Round "7"]
[White "Deutsch, Christoph"]
[Black "Eilenberg, Jonas"]
[Result "1/2-1/2"]
[WhiteElo "1937"]
[BlackElo "1934"]
[PlyCount "66"]
[EventDate "2019.06.08"]
[EventType "swiss"]
[EventRounds "9"]
[EventCountry "GER"]
[SourceTitle "CBM 191 Extra"]
[Source "ChessBase"]
[SourceDate "2019.09.30"]
[SourceVersion "1"]
[SourceVersionDate "2019.09.30"]
[SourceQuality "1"]

1. e4 e6 2. d4 d5 3. exd5 exd5 4. Nf3 Nc6 5. c4 Bb4+ 6. Nc3 Nge7 7. a3 Bxc3+ 8. bxc3 0-0 9. Be2 dxc4 10. Bxc4 Nd5 11. Bxd5 Qxd5 12. 0-0 Bg4 13. Bf4 Bxf3 14. Qxf3 Qxf3 15. gxf3 Rac8 16. Rab1 b6 17. Rfe1 Rfd8 18. Re4 h6 19. Rbe1 Kf8 20. h4 b5 21. Kg2 Rd7 22. a4 bxa4 23. Ra1 Ne7 24. Rxa4 Nd5 25. Bd2 c6 26. Ra6 Rb7 27. c4 Nf6 28. Re1 Rd7 29. Bb4+ Kg8 30. Bc5 Rcc7 31. Rea1 Nh5 32. Rxa7 Nf4+ 33. Kh2 Ne6 1/2-1/2

[Event "GER-chT U12"]
[Site "Magdeburg"]
[Date "2017.12.29"]
[Round "5.1"]
[White "Deutsch, Christoph"]
[Black "Hommer, Jeremy"]
[Result "0-1"]
[WhiteElo "1797"]
[BlackElo "1912"]
[PlyCount "76"]
[EventDate "2017.12.26"]
[EventType "team-swiss"]
[EventRounds "7"]
[EventCountry "GER"]
[SourceTitle "CBM 182 Extra"]
[Source "ChessBase"]
[SourceDate "2018.02.23"]
[SourceVersion "1"]
[SourceVersionDate "2018.02.23"]
[SourceQuality "1"]
[WhiteTeam "Gruendau"]
[BlackTeam "Lueneburg Turm"]
[WhiteTeamCountry "GER"]
[BlackTeamCountry "GER"]

1. e4 c6 2. d4 d5 3. exd5 cxd5 4. Bd3 Nc6 5. c3 Qc7 6. h3 e6 7. Nf3 Bd6 8. 0-0 h6 9. Nbd2 Nf6 10. Re1 0-0 11. b3 Bd7 12. Bb2 a6 13. Qc2 Rfc8 14. Rac1 b5 15. Qb1 Qb6 16. c4 bxc4 17. bxc4 Rab8 18. Bc3 Qa7 19. Qc2 dxc4 20. Nxc4 Nb4 21. Qe2 Nxd3 22. Qxd3 Bb5 23. Ba5 Bf8 24. Nfe5 Nd5 25. Nf3 Bb4 26. Bxb4 Nxb4 27. Qb3 Nd5 28. Ncd2 Rxc1 29. Rxc1 Nf4 30. Rb1 Ne2+ 31. Kh1 Rd8 32. a4 Bc6 33. Qe3 Nxd4 34. Rb4 Bxf3 35. Nxf3 Nxf3 36. Qxf3 Qd7 37. Kh2 Qd6+ 38. Rf4 g5 0-1

[Event "GER-chT U12"]
[Site "Magdeburg"]
[Date "2017.12.28"]
[Round "4.1"]
[White "Gallasch, Jonas"]
[Black "Deutsch, Christoph"]
[Result "1/2-1/2"]
[WhiteElo "1839"]
[BlackElo "1797"]
[PlyCount "68"]
[EventDate "2017.12.26"]
[EventType "team-swiss"]
[EventRounds "7"]
[EventCountry "GER"]
[SourceTitle "CBM 182 Extra"]
[Source "ChessBase"]
[SourceDate "2018.02.23"]
[SourceVersion "1"]
[SourceVersionDate "2018.02.23"]
[SourceQuality "1"]
[WhiteTeam "Porz SG"]
[BlackTeam "Gruendau"]
[WhiteTeamCountry "GER"]
[BlackTeamCountry "GER"]

1. d4 d5 2. c4 c6 3. cxd5 cxd5 4. Nc3 Nc6 5. Nf3 Nf6 6. Bf4 a6 7. e3 e6 8. Rc1 Be7 9. Bd3 0-0 10. h3 Bd7 11. 0-0 b5 12. Ne5 Qb6 13. Bb1 Rac8 14. Qd3 g6 15. Qe2 Nxe5 16. Bxe5 b4 17. Bxf6 Bxf6 18. Qf3 bxc3 19. Qxf6 cxb2 20. Rc5 Bb5 21. Rd1 Bc4 22. h4 Qd8 23. Qf4 Qe7 24. h5 f5 25. Qh6 Be2 26. Rd2 Bxh5 27. Rxb2 Rb8 28. Rcc2 Bd1 29. Rxb8 Rxb8 30. Rc1 Be2 31. Qf4 Rb7 32. Rc8+ Kg7 33. Qe5+ Kh6 34. Bc2 Qd7 1/2-1/2

[Event "GER-chT U12"]
[Site "Magdeburg"]
[Date "2017.12.27"]
[Round "1.1"]
[White "Deutsch, Christoph"]
[Black "Kittel, Lennart"]
[Result "1/2-1/2"]
[WhiteElo "1797"]
[BlackElo "1116"]
[PlyCount "65"]
[EventDate "2017.12.26"]
[EventType "team-swiss"]
[EventRounds "7"]
[EventCountry "GER"]
[SourceTitle "CBM 182 Extra"]
[Source "ChessBase"]
[SourceDate "2018.02.23"]
[SourceVersion "1"]
[SourceVersionDate "2018.02.23"]
[SourceQuality "1"]
[WhiteTeam "Gruendau"]
[BlackTeam "Goeppingen"]
[WhiteTeamCountry "GER"]
[BlackTeamCountry "GER"]

1. e4 c5 2. Nf3 a6 3. d4 cxd4 4. Nxd4 Nf6 5. Nc3 e5 6. Nf3 Nc6 7. a3 Bc5 8. Be2 0-0 9. 0-0 d6 10. Bg5 Be6 11. Qd2 Nd4 12. Rad1 Rc8 13. Be3 Nxf3+ 14. Bxf3 Bxe3 15. Qxe3 Qe7 16. Rd2 Rfd8 17. Rfd1 Rd7 18. Be2 h6 19. h3 Rcd8 20. Bf3 Kh8 21. Qe2 Kg8 22. Bg4 Bxg4 23. hxg4 Qe6 24. f3 d5 25. exd5 Nxd5 26. Qc4 Nb6 27. Qxe6 fxe6 28. Rxd7 Rxd7 29. Rxd7 Nxd7 30. Ne4 Kf8 31. Kf2 Ke7 32. c4 b6 33. Ke3 1/2-1/2

[Event "GER-chT U12"]
[Site "Magdeburg"]
[Date "2017.12.27"]
[Round "2.1"]
[White "Felten, Maximilian"]
[Black "Deutsch, Christoph"]
[Result "1/2-1/2"]
[WhiteElo "1802"]
[BlackElo "1797"]
[PlyCount "50"]
[EventDate "2017.12.26"]
[EventType "team-swiss"]
[EventRounds "7"]
[EventCountry "GER"]
[SourceTitle "CBM 182 Extra"]
[Source "ChessBase"]
[SourceDate "2018.02.23"]
[SourceVersion "1"]
[SourceVersionDate "2018.02.23"]
[SourceQuality "1"]
[WhiteTeam "Trier SG"]
[BlackTeam "Gruendau"]
[WhiteTeamCountry "GER"]
[BlackTeamCountry "GER"]

1. d4 d5 2. Nf3 Nf6 3. c4 c6 4. Nc3 e6 5. Bf4 Be7 6. e3 Nbd7 7. h3 0-0 8. Bd3 a6 9. c5 b6 10. b4 a5 11. a3 Bb7 12. 0-0 Ba6 13. Bxa6 Rxa6 14. Qd3 b5 15. Rfb1 Qa8 16. Qd1 Qa7 17. Ne1 Ra8 18. Nc2 Ne4 19. Nxe4 dxe4 20. f3 Nf6 21. fxe4 Nxe4 22. Qd3 Nf6 23. Qb3 Ne4 24. Qd3 Nf6 25. Qb3 Ne4 1/2-1/2

[Event "Heusenstamm Sparkassen op-A 4th"]
[Site "Heusenstamm"]
[Date "2017.11.26"]
[Round "6"]
[White "Deutsch, Christoph"]
[Black "Becker, Peter"]
[Result "1-0"]
[WhiteElo "1788"]
[BlackElo "1952"]
[PlyCount "117"]
[EventDate "2017.11.23"]
[EventType "swiss"]
[EventRounds "7"]
[EventCountry "GER"]
[SourceTitle "EXT 2019"]
[Source "ChessBase"]
[SourceDate "2018.10.10"]
[SourceVersion "1"]
[SourceVersionDate "2018.10.10"]
[SourceQuality "1"]

1. e4 d6 2. d4 Nf6 3. Nc3 a6 4. Be3 Ng4 5. Bf4 Nf6 6. Be3 Ng4 7. Bf4 c6 8. Nf3 Qa5 9. Be2 b5 10. 0-0 Nd7 11. Ng5 b4 12. Bxg4 bxc3 13. b3 f6 14. Ne6 Kf7 15. d5 Ne5 16. Bxe5 dxe5 17. a4 g6 18. Nxf8 Rxf8 19. dxc6 Bxg4 20. Qxg4 e6 21. Rad1 Rad8 22. Qf3 Rd2 23. Rxd2 cxd2 24. Rd1 Rd8 25. Qe2 Qc3 26. c7 Qxc7 27. Rxd2 Rd4 28. Kf1 Qc3 29. Rxd4 exd4 30. Qd3 Qc6 31. f3 Kg7 32. Ke2 e5 33. Qc4 Qb6 34. b4 f5 35. Qc5 Qf6 36. exf5 Qxf5 37. Qe7+ Kh6 38. Qh4+ Kg7 39. Qe4 Qg5 40. g3 Qe7 41. b5 axb5 42. axb5 Qc5 43. Qc6 Qa3 44. Qc7+ Kf8 45. Qxe5 Qc3 46. Qf6+ Kg8 47. Qd8+ Kg7 48. Qe7+ Kh6 49. Qe4 Qc5 50. Qd3 Kg7 51. Kf2 h5 52. h4 Kf6 53. Kg2 Kg7 54. Qb3 Qe5 55. Kf2 Qc5 56. Kg2 Qe5 57. Qc4 Qe3 58. Qd3 Qe5 59. b6 1-0

[Event "Heusenstamm Sparkassen op-A 4th"]
[Site "Heusenstamm"]
[Date "2017.11.23"]
[Round "1"]
[White "Neininger, Ralph"]
[Black "Deutsch, Christoph"]
[Result "1-0"]
[WhiteElo "2069"]
[BlackElo "1788"]
[PlyCount "39"]
[EventDate "2017.11.23"]
[EventType "swiss"]
[EventRounds "7"]
[EventCountry "GER"]
[SourceTitle "EXT 2019"]
[Source "ChessBase"]
[SourceDate "2018.10.10"]
[SourceVersion "1"]
[SourceVersionDate "2018.10.10"]
[SourceQuality "1"]

1. d4 d5 2. c4 c6 3. cxd5 cxd5 4. Bg5 Nf6 5. Bxf6 gxf6 6. Nc3 Bf5 7. Qb3 Nc6 8. e3 Rb8 9. Qxd5 Qxd5 10. Nxd5 Bh6 11. Be2 0-0 12. Bf3 Rbc8 13. Ne2 Rfd8 14. 0-0 Kg7 15. Rac1 Bd3 16. Ndc3 b6 17. Rfd1 Bg6 18. Nb5 Nb4 19. Nxa7 Rxc1 20. Nxc1 1-0

[Event "Rhein Main op-B 20th"]
[Site "Bad Homburg"]
[Date "2017.06.17"]
[Round "6"]
[White "Rieger, Mario"]
[Black "Deutsch, Christoph"]
[Result "1/2-1/2"]
[WhiteElo "1904"]
[BlackElo "1687"]
[PlyCount "51"]
[EventDate "2017.06.14"]
[EventType "swiss"]
[EventRounds "7"]
[EventCountry "GER"]
[SourceTitle "EXT 2018"]
[Source "ChessBase"]
[SourceDate "2017.10.13"]
[SourceVersion "1"]
[SourceVersionDate "2017.10.13"]
[SourceQuality "1"]

1. d4 d5 2. c4 c6 3. Nf3 Nf6 4. Nc3 e6 5. Bg5 Nbd7 6. e3 Qa5 7. Nd2 Bb4 8. Qb3 0-0 9. Rc1 h6 10. Bxf6 Nxf6 11. a3 Bxc3 12. Qxc3 Qc7 13. Bd3 Re8 14. Nf3 Bd7 15. 0-0 Qd6 16. Rfe1 c5 17. cxd5 cxd4 18. Nxd4 Nxd5 19. Qc5 Qxc5 20. Rxc5 Rac8 21. Rec1 a6 22. Rxc8 Rxc8 23. Rxc8+ Bxc8 24. Nb3 Kf8 25. Kf1 Ke7 26. Ke2 1/2-1/2

[Event "Wiesbaden op 28th"]
[Site "Wiesbaden"]
[Date "2016.08.28"]
[Round "7"]
[White "Deutsch, Christoph"]
[Black "Meding, Olaf"]
[Result "1/2-1/2"]
[WhiteElo "1623"]
[BlackElo "1790"]
[PlyCount "74"]
[EventDate "2016.08.25"]
[EventType "swiss"]
[EventRounds "7"]
[EventCountry "GER"]
[SourceTitle "CBM 174 Extra"]
[Source "ChessBase"]
[SourceDate "2016.10.10"]
[SourceVersion "1"]
[SourceVersionDate "2016.10.10"]
[SourceQuality "1"]

1. e4 e6 2. d4 d5 3. e5 c5 4. c3 Bd7 5. Nf3 Qb6 6. Be2 Bb5 7. 0-0 Bxe2 8. Qxe2 Nc6 9. Rd1 cxd4 10. cxd4 Nge7 11. b3 Nf5 12. Bb2 Be7 13. h3 0-0 14. Na3 Rac8 15. Nc2 Rfd8 16. Rac1 Qa5 17. Ra1 a6 18. Qd3 b5 19. a3 Nb8 20. Rac1 Nd7 21. Re1 Rc6 22. Kh1 Rdc8 23. Kg1 Nf8 24. Red1 Ng6 25. g3 Nf8 26. Kg2 Nd7 27. Re1 Bf8 28. Kh2 f6 29. Kg2 Qb6 30. Kh2 a5 31. g4 Qb8 32. Ne3 Nxe3 33. Qxe3 f5 34. Rxc6 Rxc6 35. Rc1 Qc8 36. Rxc6 Qxc6 37. Qc1 Qxc1 1/2-1/2

[Event "GER-ch U12"]
[Site "Willingen"]
[Date "2016.05.20"]
[Round "9"]
[White "Colbow, Collin"]
[Black "Deutsch, Christoph"]
[Result "1-0"]
[WhiteElo "1715"]
[BlackElo "1539"]
[PlyCount "39"]
[EventDate "2016.05.15"]
[EventType "swiss"]
[EventRounds "11"]
[EventCountry "GER"]
[SourceTitle "CBM 172 Extra"]
[Source "ChessBase"]
[SourceDate "2016.06.21"]
[SourceVersion "1"]
[SourceVersionDate "2016.06.21"]
[SourceQuality "1"]

1. e4 e5 2. Nf3 Nc6 3. Bc4 Bc5 4. c3 Nf6 5. d3 0-0 6. 0-0 d5 7. exd5 Nxd5 8. Re1 Bg4 9. h3 Bh5 10. Nbd2 Nb6 11. Ne4 Bd6 12. Bb3 Re8 13. Ng3 Bg6 14. Ng5 Qd7 15. Qf3 h6 16. N5e4 Rad8 17. Bxh6 Na5 18. Nf6+ gxf6 19. Qxf6 Bf8 20. Qxg6+ 1-0

[Event "GER-ch U12"]
[Site "Willingen"]
[Date "2016.05.16"]
[Round "3"]
[White "Hassemeier, Mika"]
[Black "Deutsch, Christoph"]
[Result "1/2-1/2"]
[WhiteElo "1715"]
[BlackElo "1539"]
[PlyCount "72"]
[EventDate "2016.05.15"]
[EventType "swiss"]
[EventRounds "11"]
[EventCountry "GER"]
[SourceTitle "CBM 172 Extra"]
[Source "ChessBase"]
[SourceDate "2016.06.21"]
[SourceVersion "1"]
[SourceVersionDate "2016.06.21"]
[SourceQuality "1"]

1. e4 e5 2. Nf3 Nc6 3. Bc4 Bc5 4. c3 Nf6 5. d3 d6 6. Bb3 Be6 7. Nbd2 0-0 8. Nf1 d5 9. Ng3 dxe4 10. dxe4 Qxd1+ 11. Bxd1 a5 12. 0-0 Bc4 13. Re1 Ng4 14. Nh1 Rad8 15. h3 Nf6 16. Ng3 Rd7 17. Bg5 Rfd8 18. Bc2 Bd3 19. Bxd3 Rxd3 20. Bxf6 gxf6 21. Nh5 R8d6 22. Ng3 Ne7 23. Rab1 Bb6 24. Kf1 Rd7 25. Nh5 R7d6 26. Ng3 Kf8 27. Rbc1 Rd7 28. Nh5 R7d6 29. Rc2 Ng6 30. Nh2 Ne7 31. Ng4 Ng8 32. a4 Rd2 33. Rxd2 Rxd2 34. Re2 Rd1+ 35. Re1 Rd2 36. Rb1 Ke7 1/2-1/2

[Event "GER-ch U12"]
[Site "Willingen"]
[Date "2016.05.15"]
[Round "2"]
[White "Deutsch, Christoph"]
[Black "Weihrauch, Jakob"]
[Result "1/2-1/2"]
[WhiteElo "1539"]
[BlackElo "1852"]
[PlyCount "78"]
[EventDate "2016.05.15"]
[EventType "swiss"]
[EventRounds "11"]
[EventCountry "GER"]
[SourceTitle "CBM 172 Extra"]
[Source "ChessBase"]
[SourceDate "2016.06.21"]
[SourceVersion "1"]
[SourceVersionDate "2016.06.21"]
[SourceQuality "1"]

1. e4 c5 2. Nf3 d6 3. d4 cxd4 4. Nxd4 Nf6 5. Nc3 a6 6. Bg5 e6 7. f4 Be7 8. Qf3 h6 9. Bh4 Nbd7 10. 0-0-0 Qc7 11. Bd3 g5 12. fxg5 Ne5 13. Qe2 Nh7 14. Nf3 hxg5 15. Bg3 Nf8 16. Nxe5 dxe5 17. Qf3 Ng6 18. Bf2 Bd7 19. Be3 Bc6 20. Qg4 Rh4 21. Qe2 Nf4 22. Qf2 Nxd3+ 23. cxd3 Ba4 24. Rdf1 f6 25. Kb1 Bd7 26. Rc1 Bc6 27. g3 Rh7 28. Rhd1 Qc8 29. Na4 Bxa4 30. Rxc8+ Rxc8 31. Rc1 Rxc1+ 32. Kxc1 Bd8 33. Bb6 Bxb6 34. Qxb6 Bc6 35. Qf2 Ke7 36. Qc5+ Kf7 37. Qf2 Kg6 38. Qc2 Rd7 39. a4 Rc7 1/2-1/2

[Event "Wiesbaden op 27th"]
[Site "Wiesbaden"]
[Date "2015.08.30"]
[Round "7"]
[White "Buese, Ralf"]
[Black "Deutsch, Christoph"]
[Result "1-0"]
[WhiteElo "1723"]
[BlackElo "1358"]
[PlyCount "59"]
[EventDate "2015.08.27"]
[EventType "swiss"]
[EventRounds "7"]
[EventCountry "GER"]
[SourceTitle "EXT 2016"]
[Source "ChessBase"]
[SourceDate "2015.10.08"]
[SourceVersion "1"]
[SourceVersionDate "2015.10.08"]
[SourceQuality "1"]

1. d4 d5 2. Bf4 Bf5 3. Nf3 c6 4. c3 Nf6 5. h3 h6 6. Nbd2 e6 7. Qb3 Qb6 8. e3 Nbd7 9. c4 Be7 10. c5 Qxb3 11. axb3 0-0 12. b4 a6 13. Be2 Ne4 14. 0-0 Rfe8 15. Nb3 Rec8 16. Ra3 Bd8 17. Rfa1 Bc7 18. Bxc7 Rxc7 19. b5 Nb8 20. Ne5 cxb5 21. Bxb5 f6 22. Nd3 Nc6 23. Bxc6 Rxc6 24. Na5 Rc7 25. Rb3 Ra7 26. Rb6 Ng5 27. Nb4 h5 28. c6 bxc6 29. Rb8+ Kh7 30. Nbxc6 1-0

[Event "GER-ch U10"]
[Site "Willingen"]
[Date "2015.05.26"]
[Round "5"]
[White "Zeuner, Ole"]
[Black "Deutsch, Christoph"]
[Result "0-1"]
[WhiteElo "1493"]
[BlackElo "1291"]
[PlyCount "170"]
[EventDate "2015.05.24"]
[EventType "swiss"]
[EventRounds "11"]
[EventCountry "GER"]
[SourceTitle "CBM 166 Extra"]
[Source "ChessBase"]
[SourceDate "2015.06.18"]
[SourceVersion "1"]
[SourceVersionDate "2015.06.18"]
[SourceQuality "1"]

1. e4 e5 2. Nf3 Nc6 3. Bc4 Nf6 4. d3 h6 5. 0-0 Bc5 6. c3 d6 7. Bb3 0-0 8. Re1 Be6 9. d4 Bxb3 10. axb3 exd4 11. cxd4 Bb6 12. Nc3 Re8 13. Bf4 Nh5 14. Be3 Nf6 15. Bf4 a6 16. h3 Kf8 17. Rc1 Rc8 18. Qd3 Kg8 19. Kh2 Ra8 20. g4 Qc8 21. Rg1 g5 22. Be3 Kg7 23. Rg2 Nh7 24. Rcg1 Nb4 25. Qd1 Nc6 26. Ne1 Qd7 27. Nc2 Nf6 28. Qd3 Rad8 29. f4 Nh7 30. Qd2 f6 31. h4 Qe7 32. Ne1 Ba5 33. Qc2 Bxc3 34. bxc3 Qxe4 35. Qxe4 Rxe4 36. Bd2 gxf4 37. Nd3 f3 38. Rf2 Re2 39. Rg3 Rxf2+ 40. Nxf2 Re8 41. Rxf3 Re2 42. Bf4 Nf8 43. Kg3 Ng6 44. Nd1 Nxf4 45. Kxf4 Ne7 46. h5 Nd5+ 47. Kg3 c6 48. c4 Ne7 49. Nf2 d5 50. c5 Rd2 51. Rf4 Kf7 52. Kf3 Kg7 53. Kg2 Nc8 54. Kf1 Na7 55. Ke1 Rb2 56. Rf3 Nb5 57. Rd3 Rb1+ 58. Ke2 Rb2+ 59. Kf3 Rxb3 60. Ke2 Rxd3 61. Kxd3 Na3 62. Nh1 Nc4 63. Ng3 Nb2+ 64. Kc2 Nc4 65. Nf5+ Kh7 66. Kc3 a5 67. Nd6 Kg7 68. Nxc4 dxc4 69. Kxc4 Kf7 70. Kb3 Ke6 71. Ka4 Kd5 72. Kxa5 Kxd4 73. Kb4 Kd5 74. Kb3 Kxc5 75. Kc3 b5 76. Kb3 Kd4 77. Kb2 c5 78. Kc2 b4 79. Kb2 Kd3 80. Kb1 c4 81. g5 fxg5 82. Kb2 c3+ 83. Kb1 Kd2 84. Ka2 c2 85. Kb3 c1Q 0-1

[Event "GER-ch U10"]
[Site "Willingen"]
[Date "2015.05.25"]
[Round "4"]
[White "Deutsch, Christoph"]
[Black "Musiolik, David"]
[Result "1/2-1/2"]
[WhiteElo "1291"]
[BlackElo "1629"]
[PlyCount "63"]
[EventDate "2015.05.24"]
[EventType "swiss"]
[EventRounds "11"]
[EventCountry "GER"]
[SourceTitle "CBM 166 Extra"]
[Source "ChessBase"]
[SourceDate "2015.06.18"]
[SourceVersion "1"]
[SourceVersionDate "2015.06.18"]
[SourceQuality "1"]

1. e4 e6 2. d4 d5 3. exd5 exd5 4. Bd3 Bd6 5. Nf3 Nf6 6. Bg5 0-0 7. 0-0 Bg4 8. c3 c6 9. Nbd2 Nbd7 10. Qc2 Qc7 11. Rfe1 Rfe8 12. Bh4 Bh5 13. Bg3 Bxg3 14. hxg3 Bg6 15. Bxg6 hxg6 16. Rad1 Rad8 17. Kh1 Qb8 18. Kg1 Rxe1+ 19. Rxe1 Re8 20. Qb1 Qd8 21. Rxe8+ Qxe8 22. Qe1 Qxe1+ 23. Nxe1 Kf8 24. Kf1 Ke7 25. Ke2 b6 26. b3 Nh7 27. Nef3 f6 28. Ke3 Nhf8 29. Ne1 Ne6 30. Nd3 Nc7 31. a4 a5 32. Nf3 1/2-1/2

[Event "GER-ch U10"]
[Site "Willingen"]
[Date "2015.05.24"]
[Round "2"]
[White "Deutsch, Christoph"]
[Black "Haufe, Laurin"]
[Result "1-0"]
[WhiteElo "1291"]
[BlackElo "1524"]
[PlyCount "103"]
[EventDate "2015.05.24"]
[EventType "swiss"]
[EventRounds "11"]
[EventCountry "GER"]
[SourceTitle "CBM 166 Extra"]
[Source "ChessBase"]
[SourceDate "2015.06.18"]
[SourceVersion "1"]
[SourceVersionDate "2015.06.18"]
[SourceQuality "1"]

1. e4 c5 2. Nf3 d6 3. Bb5+ Nd7 4. 0-0 a6 5. Bxd7+ Bxd7 6. d4 cxd4 7. Qxd4 e5 8. Qd3 Rc8 9. Re1 h6 10. c3 Nf6 11. Nbd2 Be7 12. Nf1 0-0 13. Ng3 Re8 14. Nh4 Qa5 15. Nhf5 Bb5 16. Nxe7+ Rxe7 17. Qxd6 Re6 18. Qb4 Qc7 19. Nf5 Qd7 20. b3 Bc6 21. f3 Qc7 22. Be3 a5 23. Qb6 Qxb6 24. Bxb6 Bxe4 25. fxe4 g6 26. Nxh6+ Kg7 27. Nxf7 Kxf7 28. Bxa5 b6 29. Bb4 Kg7 30. Rad1 Ra8 31. Rd6 Rxd6 32. Bxd6 Nd7 33. a3 Kf6 34. Kf2 Nc5 35. Bxc5 bxc5 36. Ra1 Rh8 37. a4 c4 38. b4 Ke7 39. a5 Kd7 40. a6 Kc6 41. a7 Ra8 42. Kg3 Kd7 43. Kg4 Ke6 44. Kg5 Ke7 45. Kxg6 Rg8+ 46. Kf5 Rf8+ 47. Kxe5 Ra8 48. h4 Kd7 49. h5 Kc6 50. h6 Re8+ 51. Kf4 Rf8+ 52. Ke3 1-0

[Event "GER-ch U10"]
[Site "Willingen"]
[Date "2015.05.24"]
[Round "1"]
[White "Gehle, Joshua"]
[Black "Deutsch, Christoph"]
[Result "0-1"]
[WhiteElo "948"]
[BlackElo "1291"]
[PlyCount "108"]
[EventDate "2015.05.24"]
[EventType "swiss"]
[EventRounds "11"]
[EventCountry "GER"]
[SourceTitle "CBM 166 Extra"]
[Source "ChessBase"]
[SourceDate "2015.06.18"]
[SourceVersion "1"]
[SourceVersionDate "2015.06.18"]
[SourceQuality "1"]

1. e4 e5 2. Nf3 Nc6 3. Bb5 a6 4. Ba4 Nf6 5. 0-0 d6 6. Re1 Bg4 7. h3 Bh5 8. c3 b5 9. Bb3 Be7 10. d3 0-0 11. Nbd2 Re8 12. Nf1 h6 13. Ng3 Bg6 14. Nh4 Bh7 15. Nhf5 Bf8 16. d4 exd4 17. cxd4 Na5 18. Bc2 Nc6 19. b3 Ne7 20. Bd2 Nxf5 21. Nxf5 Qd7 22. Bc3 Bxf5 23. exf5 Nd5 24. Bd2 Rxe1+ 25. Bxe1 Re8 26. Qf3 Nb6 27. Qg3 Re2 28. Bd3 Re7 29. Bd2 Kh8 30. Qf3 c6 31. f6 Re8 32. g4 g6 33. h4 d5 34. g5 h5 35. Qg3 Bd6 36. Qg2 Kg8 37. f4 Kh7 38. Qf2 Qg4+ 39. Qg2 Qxh4 40. f5 Qxd4+ 41. Kh1 Qxa1+ 42. Qg1 Qxg1+ 43. Kxg1 gxf5 44. Bxf5+ Kg8 45. g6 fxg6 46. Bxg6 Rb8 47. Bh6 Nd7 48. f7+ Kh8 49. Kg2 Bf8 50. Bf4 Rb7 51. Kg3 Kg7 52. Bxh5 Nf6 53. Be5 Kh6 54. Kh4 Nxh5 0-1